| 000 | 00391nam a2200157Ia 4500 | ||
|---|---|---|---|
| 003 | Ost | ||
| 005 | 20260225132559.0 | ||
| 008 | 260225s9999||||xx |||||||||||||| ||und|| | ||
| 040 | _cfsic | ||
| 041 | _afre | ||
| 082 | _a70.4 | ||
| 100 |
_aSYLVIE COURCELLE LABROUSSE _eAuteur |
||
| 245 | 0 | _aPARIS ET ENJEUX DE LA PRESSE DE DEMAIN / | |
| 245 | 0 | _cSYLVIE COURCELLE LABROUSSE | |
| 942 | _cكتاب | ||
| 999 |
_c34668 _d34668 |
||